| 000 | 01042cab a22001935a 4500 | ||
|---|---|---|---|
| 001 | L138631 | ||
| 008 | 070627e20070620xxk F 000 0 eng d | ||
| 035 | _a(Sirsi) u138631 | ||
| 041 | 0 | _aeng | |
| 100 | 1 | _aBlake, David | |
| 245 | 0 | 0 | _aDispute resolution boards |
| 260 | _c2007 | ||
| 490 |
_aContract Journal _v439(6630) 20 June 2007, 42(1) |
||
| 520 | _aDescribes the workings and legal aspects of dispute resolution boards. Defines the two types: Dispute Adjudication Boards and Dispute Review Boards. Both are widely used in the US, but relatively new to dispute resolution in the UK. They are formed to enhance communication and expertise. They are financed at contract level. Their advantages include objectivity and neutrality. However, the format is open to abuse and Dispute Review Boards? decisions are not binding. | ||
| 590 | _aKA | ||
| 651 | 4 |
_aUnited Kingdom _y |
|
| 690 | _aMANAGEMENT-DISPUTE AVOIDANCE, MANAGEMENT AND RESOLUTION-DISPUTE MANAGEMENT AND RESOLUTION-ALTERNATIVE DISPUTE RESOLUTION-ADJUDICATION | ||
| 942 | _n0 | ||
| 999 |
_c78937 _d78937 |
||